000 00662nam a22001937a 4500
005 20180719164536.0
010 _aENG-123564
020 _a9788185984711
_c195.00
035 _aEN-107096
037 _bDBAD/PUB
082 _a658.503
100 _aPetersson, Per
245 _aEmployee's guide to success :
_cby Per Petersson.....et.all.
_bimprove with lean! /
260 _aMadras
_bProductivity & Quality Publishing
_c2015
270 _aMadras
_bMadras
_e600017
300 _a137p.
_c24cm.(pbk)
_bill.
500 _aIt includes bibliography, about the authors, about part development AB, glossary, index
942 _2ddc
_cEN
_h658.503
_mPET
999 _c154458
_d154458